[Event "NSV Open-ch Rapid 2019"]
[Site "Lueneburg"]
[Date "2019.08.03"]
[Round "4.6"]
[White "Bach, Matthias"]
[Black "Becker, Martin Alexander"]
[Result "1-0"]
[WhiteElo "2241"]
[BlackElo "2373"]
[Annotator "TA"]
[PlyCount "47"]
[EventDate "2019.08.03"]
[EventType "swiss"]
[EventCountry "GER"]
[SourceTitle "playchess.com"]
[Source "ChessBase"]
[SourceQuality "1"]

{[%evp 9,47,0,0,-23,45,31,168,62,43,37,111,112,164,146,167,145,205,133,165,162,149,110,191,150,204,171,199,98,97,103,93,22,376,395,366,279,410,397,577,547]} 1. d4 Nf6 2. c4 e6 3. Nc3 d5 4. Nf3 dxc4 5. g3 (5. e4 Bb4 6. Bg5 c5 7. Bxc4 cxd4 8. Nxd4 Bxc3+ 9. bxc3 Qa5 10. Bd2 O-O 11. Qe2 e5 12. Nb3 Qc7 13. O-O Bg4 14. f3 Rc8 15. Bd5 Nxd5 16. exd5 Bh5 17. c4 {1-0 (38) Carlsen,M (2845)-Aronian,L (2763) Karlsruhe/Baden Baden 2019}) 5... c5 6. Bg2 {D24: Queen's Gambit Accepted: 3 Nf3 Nf6 4 Nc3} Nbd7 ({Black should play} 6... Nc6 $11 7. Be3 Ng4) 7. O-O $14 Rb8 $146 (7... Nd5 $14) ({Predecessor:} 7... a6 8. d5 exd5 9. Nxd5 Nxd5 10. Qxd5 Be7 11. Qxc4 O-O 12. Qc2 Nf6 13. Ne5 Bd6 14. Nc4 Bc7 {1-0 (24) Stupak,K (2557)-Smolich,P (2252) Minsk 2015}) 8. e4 (8. Bf4 $18) 8... cxd4 9. Qxd4 {Bf4 is the strong threat.} Bc5 (9... b5 $14) 10. Qxc4 $16 O-O (10... b5 $16 11. Nxb5 Qa5) 11. e5 Ne8 12. Bg5 Qa5 (12... Be7 $16) 13. a4 {[%cal Ba2a4,Ba4a5][%mdl 32]} h6 14. Bd2 Qb4 15. Qa2 Qb6 (15... Qg4 $16) 16. a5 $36 {[%mdl 2048] Black is under strong pressure.} Qa6 (16... Qd8 $16 {is a better defense.}) 17. Rfd1 Nc7 18. Ne4 (18. Qa4 $18) 18... Be7 19. Rac1 Nd5 20. Nc3 ({Better is} 20. Qb3 $16) 20... b5 $2 {[%mdl 8192] [#]} (20... Nb4 $11 {and Black stays safe.} 21. Qb1 b6) 21. Nxd5 $18 exd5 22. Bf4 ({Less strong is} 22. Qxd5 Nc5 $18) 22... Bb7 (22... Nc5 {might work better.} 23. e6 (23. Rxd5 Ne6 $16) 23... Bxe6) 23. Rc7 Qe6 (23... Rfd8 {was called for.} 24. e6 fxe6 25. Rxd7 {[%mdl 64] Discovered Attack} Rxd7) 24. Nd4 {Accuracy: White = 41%, Black = 24%.} 1-0

[Event "NSV Open-ch Rapid 2019"]
[Site "Lueneburg"]
[Date "2019.08.03"]
[Round "4.7"]
[White "Colbow, Collin"]
[Black "Voege, Tobias"]
[Result "1/2-1/2"]
[WhiteElo "2167"]
[BlackElo "2303"]
[Annotator "TA"]
[PlyCount "106"]
[EventDate "2019.08.03"]
[EventType "swiss"]
[EventCountry "GER"]
[SourceTitle "playchess.com"]
[Source "ChessBase"]
[SourceQuality "1"]

{[%evp 16,106,30,26,27,18,14,20,44,31,25,21,37,15,14,-18,-12,-14,-12,-12,-10,-28,-18,-20,-25,-24,-20,-29,-20,-18,0,-2,0,-74,0,-74,-74,-63,-47,-43,0,-4,-8,-52,-33,-42,-37,-53,-39,-42,-43,-39,-41,-56,-37,-119,-118,-160,-154,-145,-150,-151,0,0,0,0,0,0,0,0,0,0,0,0,0,0,0,0,0,0,0,0,0,0,0,0,0,0,0,0,0,-8,-8]} 1. e4 e6 2. d4 d5 3. Nd2 a6 4. Ngf3 c5 5. exd5 exd5 6. dxc5 Bxc5 7. Nb3 Ba7 8. Bd3 Qe7+ 9. Qe2 Nc6 {C08: French Tarrasch: 3...c5 4 exd5 exd5 sidelines} 10. O-O Qxe2 11. Bxe2 Bf5 12. c3 Nf6 13. Nbd4 $146 ({Predecessor:} 13. Rd1 O-O 14. Nfd4 Bg6 15. Be3 Ne5 16. Na5 Rab8 17. h3 {1-0 (37) Fedorchuk,S (2669)-Jussupow,A (2582) Wroclaw 2014}) 13... Bg4 14. Be3 (14. Nxc6 {with more complications.} bxc6 15. h3 Bxf3 16. Bxf3 O-O 17. Re1) 14... Nxd4 15. Bxd4 Bxf3 $1 16. Bxf3 Bxd4 17. cxd4 Kd7 18. Rac1 Rac8 19. Rfd1 Rc6 20. Kf1 Rhc8 21. Rxc6 bxc6 $11 {[%mdl 4096] Endgame KRB-KRN} 22. b4 Kd6 23. Ke2 a5 24. a3 (24. bxa5 $11 Ra8 25. a4) 24... Ra8 ({Black should play} 24... axb4 $17 25. axb4 Rb8) 25. Rb1 (25. bxa5 $1 $11 Rxa5 26. Ra1) 25... axb4 $17 26. axb4 {[%cal Ba3b4,Bb4b5][%mdl 32]} Ra2+ 27. Ke3 Nd7 28. b5 $1 Nb6 {next ...Nc4+ is good for Black.} 29. Be2 (29. bxc6 $5 {[%cal Rb1b6]} Nc4+ 30. Kd3 $11) 29... Ra3+ 30. Kf4 c5 31. dxc5+ Kxc5 32. Rc1+ Nc4 33. Rb1 Ra7 34. Rd1 Re7 35. Bd3 (35. Bf3 $15) 35... h6 36. Rb1 Rb7 37. Re1 Kxb5 38. Re5 Kc5 $2 (38... Rd7 $17 39. h4 Kc5) 39. Rxd5+ $1 $11 {[%mdl 64] [#] Remove Defender. The position is equal.} Kxd5 40. Be4+ Kd4 {aiming for ...g5+.} 41. Bxb7 {KB-KN} Nd6 42. Bf3 Kc5 43. Ke5 Nc4+ 44. Kf5 Kd6 45. Be2 Ne5 46. f4 Nc6 {[#] Strongly threatening ...Nd4+.} 47. Bc4 Ke7 48. g4 g6+ 49. Ke4 Kf6 50. g5+ hxg5 51. fxg5+ Kxg5 52. Bxf7 Ne7 53. Bxg6 Nxg6 {Accuracy: White = 51%, Black = 68%.} 1/2-1/2

[Event "NSV Open-ch Rapid 2019"]
[Site "Lueneburg"]
[Date "2019.08.03"]
[Round "4.8"]
[White "Aarav Dengla"]
[Black "Ramme, Christoph"]
[Result "1-0"]
[WhiteElo "2051"]
[BlackElo "2154"]
[Annotator "TA"]
[PlyCount "81"]
[EventDate "2019.08.03"]
[EventType "swiss"]
[EventCountry "GER"]
[SourceTitle "playchess.com"]
[Source "ChessBase"]
[SourceQuality "1"]

{[%evp 9,81,0,0,0,12,0,0,0,0,0,0,0,20,33,34,38,100,88,85,83,109,95,109,0,0,0,0,0,93,116,167,138,132,136,318,329,330,330,382,388,427,375,374,372,359,359,435,431,381,323,541,544,505,381,394,55,489,411,411,411,418,415,953,956,988,922,1366,1262,5700,5687,29989,29990,29990,29991]} 1. e4 c5 2. c3 d5 3. exd5 Nf6 4. d4 cxd4 5. cxd4 Nxd5 6. Nc3 {B22: Sicilian: 2 c3} Bf5 7. Bb5+ Nc6 8. Nf3 {The position is equal.} e6 9. Qa4 (9. Ne5 Ndb4 10. O-O a6 11. Nxc6 Nxc6 12. Ba4 b5 13. d5 bxa4 14. Qxa4 Rc8 15. dxc6 {½-½ (68) Jumabayev,R (2602)-Van Foreest,J (2614) St Petersburg 2018}) 9... Qd6 $146 ({Predecessor:} 9... Qb6 10. O-O Nxc3 11. bxc3 a6 12. Bxc6+ Qxc6 13. Qxc6+ bxc6 14. Re1 Bd6 {1-0 (44) Kravshenko,K (2102)-Gladeshev,S Zheleznogorsk 2016}) 10. O-O Be7 11. Nxd5 Qxd5 12. Ne5 {[%cal Re5c6]} Rc8 (12... Bf6 $14) 13. Bxc6+ $1 $16 bxc6 14. Qxa7 f6 15. Qb7 O-O {[#] Threatens to win with ...Bd6.} 16. Nd7 (16. Qxe7 $16 fxe5 17. dxe5) 16... Rfe8 $1 $11 17. Nb6 $36 {[%mdl 2048] White has the initiative.} Qb5 {And now ...Rb8 would win.} 18. a4 {[%cal Ba2a4,Ba4a5,Ba5a6][%mdl 32]} Qb4 (18... Qb3 $1 $11 {remains equal.} 19. a5 Bd6 20. Qxc8 Rxc8 21. Nxc8 Bd3) 19. a5 $16 Rcd8 (19... Bd6 $16 {was worth a try.}) 20. Qxc6 Qxd4 21. a6 {[#] Black must now prevent a7.} Qe4 $2 (21... Qc5 $16 {was called for.} 22. Qxc5 Bxc5) 22. Qxe4 $18 Bxe4 23. Be3 Bd6 24. f3 Bd5 25. Bf2 Be5 26. Nxd5 exd5 27. Ra2 Kf7 28. a7 Ra8 29. Rd1 Ke6 $2 (29... d4 30. f4 {[%mdl 64] Deflection} Bxf4 31. Rxd4 Be3) 30. Ra6+ Kf7 31. Rxd5 Bxb2 32. Rb6 $2 ({White should try} 32. Rd7+ $18 Re7 33. Rxe7+ Kxe7 34. Rb6 Rxa7 35. Bc5+ (35. Rxb2 Ra1+ 36. Be1 Rxe1+ 37. Kf2 Rd1 $11) 35... Kd7 36. Rxb2 {[%mdl 64] Discovered Attack}) 32... Be5 $2 {[%mdl 8192]} ({Better is} 32... Rxa7 $14 33. Rxf6+ (33. Rxb2 Ra1+ 34. Be1 Rexe1+ 35. Kf2 g5 $11) 33... Bxf6 34. Bxa7 Re7) 33. Rb7+ Re7 34. Rdd7 Rxd7 35. Rxd7+ {[%mdl 4096] Endgame KRB-KRB} Kg8 (35... Kg6 $142 36. g3 Bb8) 36. g3 g5 37. Be3 h5 38. f4 gxf4 39. gxf4 Re8 40. fxe5 fxe5 41. Rb7 {Accuracy: White = 75%, Black = 23%.} 1-0

[Event "NSV Open-ch Rapid 2019"]
[Site "Lueneburg"]
[Date "2019.08.03"]
[Round "4.9"]
[White "Reuker, Jari"]
[Black "von Estorff, Jacob"]
[Result "0-1"]
[WhiteElo "2403"]
[BlackElo "2055"]
[Annotator "TA"]
[PlyCount "102"]
[EventDate "2019.08.03"]
[EventType "swiss"]
[EventCountry "GER"]
[SourceTitle "playchess.com"]
[Source "ChessBase"]
[SourceQuality "1"]

{[%evp 9,102,-6,44,44,37,11,0,1,47,0,0,0,8,0,5,-34,-32,-44,-36,-40,-59,-60,-35,-102,0,-77,-63,-85,-81,-80,-82,-88,-79,-80,-81,-93,-102,-93,0,-68,0,-66,-20,-33,-27,-31,-19,-42,-8,-67,-42,-42,-50,-86,-55,-102,-119,-127,-128,-126,-123,-131,-131,-138,-137,-151,-118,-181,-178,-216,-143,-195,-150,-208,-205,-202,-189,-196,-100,-171,-174,-193,-173,-266,-269,-250,-137,-212,-215,-207,-152,-169,-95,-907,-901]} 1. Nf3 Nf6 2. c4 c5 3. b3 Nc6 4. Bb2 d6 5. e3 (5. g3 e5 6. d3 g6 7. Bg2 Bg7 8. O-O O-O 9. Nc3 h6 10. Nd2 Be6 11. Nd5 Bxd5 12. cxd5 Nb4 13. Ne4 Nfxd5 14. Nd2 Ne7 15. Bxb7 Rb8 16. Bg2 a5 17. Nc4 Qc7 18. e4 {1-0 (47) Swayams,M (2478)-Nandhidhaa,P (2314) Karlsruhe 2019}) 5... Bg4 6. h3 {A30: Symmetrical English: Double Fianchetto and Hedgehog} Bh5 7. d4 cxd4 $146 ({Predecessor:} 7... e6 8. Be2 Be7 9. Nc3 O-O 10. O-O cxd4 11. Nxd4 Bxe2 12. Ncxe2 Nxd4 13. Qxd4 {½-½ (45) Kahar,K (2209)-Jenks,C (2120) Birmingham 2006}) 8. exd4 {The position is equal.} e6 9. Be2 d5 10. O-O Be7 11. Nbd2 O-O 12. g4 Bg6 13. Ne5 Rc8 14. Nxg6 hxg6 15. Nf3 Ne4 16. a3 (16. Bd3 $15) 16... Ng5 (16... f5 $17 17. Qd3 fxg4 {[%mdl 64] Discovered Attack}) 17. Kg2 (17. Nxg5 $11 {remains equal.} Bxg5 18. f4) 17... dxc4 18. bxc4 Nxf3 19. Bxf3 Bf6 {[%cal Rf6d4]} 20. Bxc6 Rxc6 21. Qd3 Qc7 22. Rac1 Rd8 23. Rfd1 Qf4 (23... b6 $17 24. Qb3 Kh7) 24. Rc2 {[#]} (24. Qe3 $11 Bg5 25. Rc3) 24... Rcd6 (24... Be5 $1 $15 {[%mdl 512]} 25. Qf3 (25. dxe5 Rxd3) 25... Qh2+ 26. Kf1 Bf6) 25. Rcd2 (25. Qe3 $1 $11 Qxe3 26. fxe3) 25... b6 (25... Rb6 {keeps more tension.} 26. Re1 Qc7 27. Re4 Qd7 28. Rc2 Rd6) 26. Qe3 Bg5 (26... g5 {seems wilder.} 27. a4 Rc8 28. Rc2 Rd7 29. a5 Qd6) 27. Qxf4 Bxf4 28. Re2 Rc8 29. Kf3 ({White should play} 29. Re4 $11 g5 30. d5) 29... Bg5 $36 {[%mdl 2048] Black fights for an advantage.} 30. Rc2 $1 Rdc6 31. Bc1 Bf6 32. d5 exd5 33. Rxd5 Rxc4 34. Rxc4 Rxc4 $17 {[%mdl 4096] Endgame KRB-KRB} 35. Be3 Ra4 36. Bc1 Be7 37. Rd3 Bc5 38. Bb2 (38. Rd8+ $17 Kh7 39. Rd3) 38... g5 $19 39. Kg3 Rf4 40. f3 (40. Bc1 $17 {is a better defense.} Rxf2 41. Bxg5) 40... Ra4 41. Bc1 (41. h4 $17 {was called for.}) 41... f6 42. h4 gxh4+ 43. Kxh4 Rd4 ({Better is} 43... g5+ $19 44. Kg3 Kf7) 44. Rc3 (44. Rxd4 $17 Bxd4 45. Kg3) 44... Kf7 45. Kg3 a5 46. Rb3 (46. g5 {keeps fighting.}) 46... Rd1 47. Rc3 Kg6 (47... Ke6 $19 48. Be3 Kd5) 48. f4 (48. Be3 $17 Bxe3 49. Rxe3) 48... Rg1+ 49. Kf3 Kf7 50. f5 Ke7 (50... Rf1+ $19 51. Ke4 Rg1) 51. Rd3 $2 {[%mdl 8192] [#]} (51. Be3 $17 Bxe3 52. Rxe3+ Kd6 53. Rd3+ Kc5 54. Rd7) 51... Rxc1 {Accuracy: White = 30%, Black = 51%.} 0-1

[Event "NSV Open-ch Rapid 2019"]
[Site "Lueneburg"]
[Date "2019.08.03"]
[Round "4.10"]
[White "Bargsten, Justus"]
[Black "Chennaoui, Yasin"]
[Result "1-0"]
[WhiteElo "1946"]
[BlackElo "2092"]
[Annotator "NA RC"]
[PlyCount "77"]
[EventDate "2019.08.03"]
[EventType "swiss"]
[EventCountry "GER"]
[SourceTitle "playchess.com"]
[Source "ChessBase"]
[SourceQuality "1"]
[TimeControl "600+5"]

1. e4 {[%emt 0:00:00]} c5 {[%emt 0:00:00]} 2. Nf3 {[%emt 0:10:10]} Nc6 3. d4 {[%emt 0:00:00]} cxd4 {[%emt 0:00:00]} 4. Nxd4 {[%emt 0:00:00]} Nf6 {[%emt 0:00:00]} 5. Nc3 {[%emt 0:00:00]} d6 {[%emt 0:00:00]} 6. Bg5 {[%emt 0:00:00]} e6 {[%emt 0:00:00]} 7. f4 {[%emt 0:00:00]} Be7 {[%emt 0:00:02]} 8. Qd2 {[%emt 0:00:00]} h6 {[%emt 0:00:01]} 9. Bh4 {[%emt 0:00:00]} Nxe4 {[%emt 0:00:01]} 10. Nxe4 {[%emt 0:00:00]} Bxh4+ {[%emt 0:00:02]} 11. g3 {[%emt 0:00:00]} Be7 {[%emt 0:00:07]} 12. Bb5 {[%emt 0:00:00]} Bd7 {[%emt 0:00:08]} 13. O-O-O {[%emt 0:00:00]} d5 {[%emt 0:00:04]} 14. Nc3 {[%emt 0:00:00]} Bf6 {[%emt 0:00:37]} 15. Bxc6 {[%emt 0:00:00]} bxc6 {[%emt 0:00:02]} 16. Rhe1 {[%emt 0:00:00]} O-O {[%emt 0:00:09]} 17. Nf3 {[%emt 0:00:00]} Rb8 {[%emt 0:00:26]} 18. Ne5 {[%emt 0:00:00]} Bxe5 {[%emt 0:00:04]} 19. Rxe5 {[%emt 0:01:25]} Qb6 20. b3 {[%emt 0:00:00]} f6 {[%emt 0:00:21]} 21. Ree1 {[%emt 0:00:00]} Rbe8 {[%emt 0:00:33]} 22. Na4 {[%emt 0:00:00]} Qb5 {[%emt 0:00:18]} 23. Qd4 {[%emt 0:00:00]} a5 {[%emt 0:00:18]} 24. Nc5 {[%emt 0:00:00]} Bc8 {[%emt 0:00:03]} 25. a4 {[%emt 0:00:00]} Qb8 {[%emt 0:00:04]} 26. Qc3 {[%emt 0:00:00]} Qa7 {[%emt 0:00:21]} 27. Nd3 {[%emt 0:00:00]} Re7 {[%emt 0:00:13]} 28. Qxc6 {[%emt 0:00:00]} Rc7 {[%emt 0:00:47]} 29. Qd6 {[%emt 0:00:00]} Bd7 {[%emt 0:00:13]} 30. Rxe6 {[%emt 0:00:00]} Bxe6 {[%emt 0:00:03]} 31. Qxe6+ {[%emt 0:00:00]} Kh8 {[%emt 0:00:03]} 32. Qxd5 {[%emt 0:00:00]} Qe3+ {[%emt 0:01:16]} 33. Kb1 {[%emt 0:00:00]} Rc3 {[%emt 0:00:35]} 34. Nb2 {[%emt 0:00:00]} Rfc8 {[%emt 0:00:46]} 35. Qxa5 {[%emt 0:00:00]} Rxc2 {[%emt 0:00:13]} 36. Rd8+ {[%emt 0:00:00]} Kh7 {[%emt 0:00:23]} 37. Qf5+ {[%emt 0:00:00]} g6 {[%emt 0:00:06]} 38. Qd7+ {[%emt 0:00:00]} Qe7 {[%emt 0:00:03]} 39. Qxe7# {[%emt 0:00:00]} 1-0

[Event "NSV Open-ch Rapid 2019"]
[Site "Lueneburg"]
[Date "2019.08.03"]
[Round "4.11"]
[White "Daemmig, Matthias"]
[Black "Toepper, Olaf"]
[Result "0-1"]
[WhiteElo "2059"]
[BlackElo "1896"]
[Annotator "NA RC"]
[PlyCount "56"]
[EventDate "2019.08.03"]
[EventType "swiss"]
[EventCountry "GER"]
[SourceTitle "playchess.com"]
[Source "ChessBase"]
[SourceQuality "1"]
[TimeControl "600+5"]

1. d4 {[%emt 0:00:00]} Nf6 {[%emt 0:00:00]} 2. Nc3 {[%emt 0:00:00]} g6 {[%emt 0:00:03]} 3. e4 {[%emt 0:00:00]} d6 {[%emt 0:00:23]} 4. f4 {[%emt 0:00:16]} Bg7 {[%emt 0:00:20]} 5. Bc4 {[%emt 0:00:24]} e6 {[%emt 0:00:24]} 6. Bb3 {[%emt 0:00:24]} O-O {[%emt 0:00:10]} 7. Be3 {[%emt 0:00:02]} Nbd7 {[%emt 0:00:19]} 8. Nf3 {[%emt 0:00:06]} c5 {[%emt 0:00:18]} 9. dxc5 {[%emt 0:00:45]} Nxc5 {[%emt 0:00:13]} 10. e5 {[%emt 0:01:12]} Nfe4 {[%emt 0:00:28]} 11. Nxe4 {[%emt 0:00:28]} Nxe4 {[%emt 0:00:04]} 12. O-O {[%emt 0:01:31]} b6 {[%emt 0:00:29]} 13. c3 {[%emt 0:00:47]} Bb7 {[%emt 0:00:09]} 14. exd6 {[%emt 0:00:13]} Nxd6 {[%emt 0:00:13]} 15. Bd4 {[%emt 0:00:46]} Qc7 {[%emt 0:00:36]} 16. Bxg7 {[%emt 0:00:14]} Kxg7 {[%emt 0:00:01]} 17. Qe2 {[%emt 0:00:10]} Nf5 {[%emt 0:00:50]} 18. Qe5+ {[%emt 0:00:50]} Qxe5 {[%emt 0:00:04]} 19. Nxe5 {[%emt 0:00:02]} Rfd8 {[%emt 0:00:28]} 20. Rf2 {[%emt 0:00:50]} Rd6 {[%emt 0:00:22]} 21. Rd1 {[%emt 0:00:08]} Rxd1+ 22. Bxd1 {[%emt 0:00:01]} Rd8 {[%emt 0:00:16]} 23. Bb3 {[%emt 0:00:03]} Ne3 {[%emt 0:00:29]} 24. Re2 {[%emt 0:00:12]} Nd5 {[%emt 0:00:15]} 25. Bxd5 {[%emt 0:00:07]} Bxd5 {[%emt 0:00:07]} 26. c4 {[%emt 0:02:39]} Bb7 {[%emt 0:00:08]} 27. Kf2 {[%emt 0:00:05]} Rd4 {[%emt 0:00:25]} 28. g3 {[%emt 0:00:00]} f6 {[%emt 0:00:36]} 0-1

[Event "NSV Open-ch Rapid 2019"]
[Site "Lueneburg"]
[Date "2019.08.03"]
[Round "4.12"]
[White "Marzik, Hans"]
[Black "Lai Hop, Long"]
[Result "1/2-1/2"]
[WhiteElo "2105"]
[BlackElo "1817"]
[Annotator "TA"]
[PlyCount "62"]
[EventDate "2019.08.03"]
[EventType "swiss"]
[EventCountry "GER"]
[SourceTitle "playchess.com"]
[Source "ChessBase"]
[SourceQuality "1"]

{[%evp 14,62,19,13,28,21,75,27,45,45,60,47,47,40,48,43,95,20,28,27,29,29,65,43,64,68,106,100,221,232,243,201,295,300,464,435,1125,543,700,697,1631,902,695,281,295,287,334,253,250,260,276]} 1. d4 d5 2. c4 c6 3. Nf3 Nf6 4. Qb3 dxc4 5. Qxc4 Bf5 6. Nc3 e6 7. g3 Nbd7 8. Bg2 Rc8 {D23: Queen's Gambit Accepted: 3 Nf3 Nf6 sidelines} 9. O-O Qb6 $146 (9... b5 $11 {keeps the balance.} 10. Qb3 b4) ({Predecessor:} 9... Be7 10. e3 b5 11. Qe2 b4 12. Na4 Be4 13. Rd1 O-O 14. b3 Qa5 15. Bb2 Nd5 16. Ne5 Nxe5 17. Bxe4 {½-½ (68) Huzman,A (2581)-Haimovich,T (2382) Ashdod 2004}) 10. h3 Be7 {White has an edge.} 11. Nh4 Bg6 12. e4 O-O 13. Nxg6 hxg6 14. Be3 Qa5 (14... c5 $14) 15. Rab1 (15. Qe2 $16) 15... b5 $11 16. Qb3 a6 17. Rfd1 Rfd8 18. d5 exd5 19. exd5 Ne5 20. Bf4 $36 {[%mdl 2048] White is in control.} Nc4 (20... Nfd7 $16) 21. dxc6 $18 Bc5 22. Nd5 {And now Bc7! would win.} Nxd5 (22... Rxc6 {might work better.} 23. Ne7+ Bxe7 24. Bxc6 Bc5 25. Rxd8+ Qxd8) 23. Bxd5 ({Don't play} 23. Rxd5 $6 Qb6 $18) 23... Qb6 (23... Bd6 $142 24. Bg5 Re8) 24. Qf3 Bd6 {[#]} (24... Rxd5 $142 25. Rxd5 Qxc6) 25. Bxc4 (25. Bxf7+ $142 $1 {[%mdl 512]} Kxf7 26. Be3+ Kg8 27. Bxb6 Nxb6 28. Qe4) 25... Bxf4 26. Bd5 Be5 27. Qxf7+ Kh7 28. Qf3 (28. Be4 $142 Rxd1+ 29. Rxd1 Rxc6 30. Bxc6 Qxc6 31. Rd8 Bxg3 32. Qf8 Bxf2+ 33. Kxf2 Qc2+ 34. Ke3 Qc1+ 35. Ke4 Qc4+ 36. Ke5 Qc7+ 37. Kd5) 28... Rf8 29. Qg2 Bd4 {[%cal Rf8f2]} 30. Rf1 Rcd8 31. Be4 Rde8 {[%mdl 32768] Accuracy: White = 46%, Black = 19%. . An unexpected result.} 1/2-1/2

[Event "NSV Open-ch Rapid 2019"]
[Site "Lueneburg"]
[Date "2019.08.03"]
[Round "4.13"]
[White "Schulz, Daniel"]
[Black "Kotyk, Michael"]
[Result "0-1"]
[WhiteElo "2071"]
[BlackElo "1998"]
[Annotator "NA RC"]
[PlyCount "101"]
[EventDate "2019.08.03"]
[EventType "swiss"]
[EventCountry "GER"]
[SourceTitle "playchess.com"]
[Source "ChessBase"]
[SourceQuality "1"]
[TimeControl "600+5"]

1. d4 {[%emt 0:00:00]} Nf6 {[%emt 0:00:00]} 2. c4 {[%emt 0:00:00]} e6 {[%emt 0:00:00]} 3. g3 {[%emt 0:00:00]} Bb4+ {[%emt 0:00:00]} 4. Bd2 {[%emt 0:00:00]} Qe7 {[%emt 0:00:00]} 5. Bg2 {[%emt 0:00:13]} O-O {[%emt 0:00:10]} 6. Nc3 {[%emt 0:00:15]} Nc6 {[%emt 0:00:07]} 7. Nf3 {[%emt 0:00:04]} d6 {[%emt 0:00:03]} 8. O-O {[%emt 0:00:20]} e5 {[%emt 0:00:01]} 9. dxe5 {[%emt 0:00:35]} dxe5 {[%emt 0:00:35]} 10. Nd5 {[%emt 0:00:26]} Nxd5 {[%emt 0:00:05]} 11. cxd5 {[%emt 0:00:03]} Nd4 {[%emt 0:00:31]} 12. Nxd4 {[%emt 0:00:40]} exd4 {[%emt 0:00:01]} 13. Bxb4 {[%emt 0:00:07]} Qxb4 {[%emt 0:00:02]} 14. Qc2 {[%emt 0:00:08]} c5 {[%emt 0:01:32]} 15. dxc6 {[%emt 0:00:12]} bxc6 {[%emt 0:00:01]} 16. Bxc6 {[%emt 0:01:03]} Rb8 {[%emt 0:00:01]} 17. Rab1 {[%emt 0:00:48]} Ba6 {[%emt 0:00:47]} 18. Rfe1 {[%emt 0:01:09]} Rfc8 {[%emt 0:00:09]} 19. Qa4 {[%emt 0:01:01]} Qb6 {[%emt 0:02:51]} 20. Be4 {[%emt 0:01:08]} Rc4 {[%emt 0:01:50]} 21. Qd7 {[%emt 0:00:25]} Rd8 {[%emt 0:01:02]} 22. Qe7 {[%emt 0:00:07]} Bb5 {[%emt 0:00:49]} 23. Bd3 {[%emt 0:00:15]} Rc5 {[%emt 0:00:20]} 24. Qe4 {[%emt 0:00:05]} f5 {[%emt 0:00:12]} 25. Qf3 {[%emt 0:00:13]} Bc6 {[%emt 0:00:03]} 26. Qf4 {[%emt 0:00:13]} Rf8 {[%emt 0:00:20]} 27. Qxd4 {[%emt 0:01:10]} f4 {[%emt 0:00:26]} 28. Be4 {[%emt 0:00:56]} fxg3 {[%emt 0:00:07]} 29. hxg3 {[%emt 0:00:10]} Bxe4 {[%emt 0:00:05]} 30. Qxe4 {[%emt 0:00:01]} Rcf5 {[%emt 0:00:01]} 31. Qe3 {[%emt 0:00:36]} Rxf2 {[%emt 0:00:14]} 32. Qxb6 {[%emt 0:00:01]} axb6 {[%emt 0:00:01]} 33. Rbc1 {[%emt 0:00:03]} R2f5 {[%emt 0:00:10]} 34. Rc6 {[%emt 0:00:05]} Rb5 {[%emt 0:00:01]} 35. b3 {[%emt 0:00:02]} Ra8 {[%emt 0:00:02]} 36. Rc2 {[%emt 0:00:14]} Rba5 {[%emt 0:00:08]} 37. a4 {[%emt 0:00:03]} b5 {[%emt 0:00:02]} 38. axb5 {[%emt 0:00:02]} Rxb5 {[%emt 0:00:00]} 39. Rc3 {[%emt 0:00:02]} Ra2 {[%emt 0:00:07]} 40. Kf2 {[%emt 0:00:05]} Rb2 {[%emt 0:00:01]} 41. Rd1 {[%emt 0:00:11]} R2xb3 {[%emt 0:00:13]} 42. Rc7 {[%emt 0:00:09]} Rf5+ {[%emt 0:00:09]} 43. Kg2 {[%emt 0:00:04]} Re3 {[%emt 0:00:08]} 44. Rd2 {[%emt 0:00:03]} h5 {[%emt 0:00:03]} 45. Rd8+ {[%emt 0:00:12]} Kh7 {[%emt 0:00:02]} 46. Rdd7 {[%emt 0:00:01]} Rxe2+ {[%emt 0:00:01]} 47. Kh3 {[%emt 0:00:01]} Rg5 {[%emt 0:00:08]} 48. Rd4 {[%emt 0:00:11]} Re3 {[%emt 0:00:06]} 49. Kh2 {[%emt 0:00:07]} Rexg3 {[%emt 0:00:03]} 50. Rd8 {[%emt 0:00:04]} Rg2+ {[%emt 0:00:03]} 51. Kh1 {[%emt 0:00:12]} 0-1

[Event "NSV Open-ch Rapid 2019"]
[Site "Lueneburg"]
[Date "2019.08.03"]
[Round "4.14"]
[White "Joppien, Arne"]
[Black "Rothenberg, Nina"]
[Result "1-0"]
[WhiteElo "1940"]
[BlackElo "1768"]
[Annotator "NA RC"]
[PlyCount "75"]
[EventDate "2019.08.03"]
[EventType "swiss"]
[EventCountry "GER"]
[SourceTitle "playchess.com"]
[Source "ChessBase"]
[SourceQuality "1"]
[TimeControl "600+5"]

1. d4 {[%emt 0:00:00]} e6 {[%emt 0:00:00]} 2. c4 {[%emt 0:00:02]} Nf6 {[%emt 0:00:00]} 3. Nf3 {[%emt 0:00:01]} d5 {[%emt 0:00:00]} 4. Nc3 {[%emt 0:00:10]} Be7 {[%emt 0:00:02]} 5. Bf4 {[%emt 0:00:04]} O-O {[%emt 0:00:03]} 6. e3 {[%emt 0:00:01]} Nh5 {[%emt 0:00:13]} 7. Bg3 {[%emt 0:00:16]} c6 {[%emt 0:00:32]} 8. Bxb8 {[%emt 0:00:50]} Rxb8 {[%emt 0:00:03]} 9. Ne5 {[%emt 0:00:02]} Nf6 {[%emt 0:00:07]} 10. Bd3 {[%emt 0:00:03]} Bd6 {[%emt 0:01:06]} 11. f4 {[%emt 0:00:14]} dxc4 {[%emt 0:00:50]} 12. Bxc4 {[%emt 0:00:21]} c5 {[%emt 0:00:31]} 13. O-O {[%emt 0:00:25]} cxd4 {[%emt 0:00:20]} 14. exd4 {[%emt 0:00:10]} Qc7 {[%emt 0:00:22]} 15. Nb5 {[%emt 0:01:19]} Qe7 {[%emt 0:00:40]} 16. Nxa7 {[%emt 0:00:43]} Rd8 {[%emt 0:00:52]} 17. Nb5 {[%emt 0:01:07]} Nd7 {[%emt 0:00:17]} 18. Nxd6 {[%emt 0:05:42]} Qxd6 {[%emt 0:00:03]} 19. Nf3 {[%emt 0:00:00]} Qxf4 {[%emt 0:00:54]} 20. Qb3 {[%emt 0:00:00]} Qd6 {[%emt 0:00:24]} 21. Rad1 {[%emt 0:00:00]} Nb6 {[%emt 0:00:30]} 22. Ne5 {[%emt 0:00:00]} Nxc4 {[%emt 0:00:23]} 23. Nxf7 {[%emt 0:00:00]} Qc7 {[%emt 0:00:31]} 24. Nxd8 {[%emt 0:00:00]} Na5 {[%emt 0:00:01]} 25. Nxe6 {[%emt 0:00:00]} Bxe6 {[%emt 0:00:21]} 26. Qxe6+ {[%emt 0:00:00]} Kh8 {[%emt 0:00:00]} 27. Rf7 {[%emt 0:00:00]} Qd8 {[%emt 0:00:19]} 28. d5 {[%emt 0:00:00]} Qg8 {[%emt 0:00:10]} 29. d6 {[%emt 0:00:00]} Re8 {[%emt 0:00:10]} 30. Qf5 {[%emt 0:00:00]} Nc6 {[%emt 0:00:12]} 31. d7 {[%emt 0:00:00]} Rd8 {[%emt 0:00:04]} 32. Rf1 {[%emt 0:00:01]} Nd4 {[%emt 0:00:10]} 33. Qd5 {[%emt 0:00:07]} Nc6 {[%emt 0:00:11]} 34. Qg5 {[%emt 0:00:17]} h6 {[%emt 0:00:11]} 35. Qxd8 {[%emt 0:00:14]} Qxd8 {[%emt 0:00:02]} 36. Rf8+ {[%emt 0:00:01]} Qxf8 {[%emt 0:00:01]} 37. Rxf8+ {[%emt 0:00:01]} Kh7 {[%emt 0:00:02]} 38. d8=Q {[%emt 0:00:04]} 1-0